El reloj del amor y de la muerte
Guardat en:
| Autor principal: | |
|---|---|
| Format: | Llibre |
| Idioma: | espanyol |
| Publicat: |
Madrid
Mundo Latino
1920
|
| Col·lecció: | Obras Completas de Emilio Carrere, 11
|
| Matèries: | |
| Etiquetes: |
Afegir etiqueta
Sense etiquetes, Sigues el primer a etiquetar aquest registre!
|
MARC
| LEADER | 00000nam a2200000 a 4500 | ||
|---|---|---|---|
| 001 | UCY9807 | ||
| 003 | CL-VaPUC | ||
| 008 | 950720e19200000SP |||||||||||||||||spa|d | ||
| 082 | 0 | 4 | |a 863 |b CAR |2 21 |
| 100 | |a Carrere, Emilio |e author |9 342379 | ||
| 245 | 1 | 3 | |a El reloj del amor y de la muerte |
| 300 | |a 235 p | ||
| 942 | |c BK | ||
| 945 | |d 19950720 00:00:00 |a rbrito | ||
| 260 | |a Madrid |b Mundo Latino |c 1920 | ||
| 650 | 0 | |a Cuentos españoles |9 267960 | |
| 583 | |a last modification |c 19950720 00:00:00 |k Rodrigo Vera | ||
| 490 | 0 | |a Obras Completas de Emilio Carrere, 11 | |
| 999 | |c 236843 |d 236841 | ||
| 952 | |0 0 |1 0 |4 0 |6 863_000000000000000_CAR_1920 |7 0 |8 A |9 245186 |a BIBEDU |b BIBEDU |d 2019-11-18 |i 3109380 |o 863 CAR 1920 |p 3109380 |r 2019-11-18 |w 2019-11-18 |y BK |k LIT | ||